000 00698nam a22002057a 4500
999 _c16777
_d16777
003 AR-CdUCM
008 190506b ||||| |||| 00| 0 spa d
040 _aMUNICIPALIDAD PROVINCIAL DEL CUSCO
_cBIBLIOTECA MUNICIPAL DEL CUSCO
082 _a869.56 /
_bA58
100 _aAngell, Luis Felipe
_925373
245 _aSofocleto al pie de la letra /
260 _aLima :
_bEd. Myself,
_c1960.
300 _a124 páginas ;
_bIlustraciones,
_c17 cm.
505 _aContenido: Palabras del lector -- Papá décalo -- Sara -- Decima I -- El rey midas...
650 _aSofocles
_936432
650 _aHumorismo peruano
_91668
650 _aDécimas
_936433
942 _2ddc
_cLIBROS
945 _adavv
_d06/05/2019